<?xml version="1.0" encoding="UTF-8"?><?xml-stylesheet type="text/xsl" href="static/style.xsl"?><OAI-PMH xmlns="http://www.openarchives.org/OAI/2.0/" xmlns:xsi="http://www.w3.org/2001/XMLSchema-instance" xsi:schemaLocation="http://www.openarchives.org/OAI/2.0/ http://www.openarchives.org/OAI/2.0/OAI-PMH.xsd"><responseDate>2026-04-27T03:43:13Z</responseDate><request verb="GetRecord" identifier="oai:repisalud.isciii.es:20.500.12105/23825" metadataPrefix="marc">https://repisalud.isciii.es/rest/oai/request</request><GetRecord><record><header><identifier>oai:repisalud.isciii.es:20.500.12105/23825</identifier><datestamp>2024-11-29T01:18:30Z</datestamp><setSpec>com_20.500.12105_15322</setSpec><setSpec>com_20.500.12105_2051</setSpec><setSpec>col_20.500.12105_16967</setSpec></header><metadata><record xmlns="http://www.loc.gov/MARC21/slim" xmlns:dcterms="http://purl.org/dc/terms/" xmlns:doc="http://www.lyncode.com/xoai" xmlns:xsi="http://www.w3.org/2001/XMLSchema-instance" xsi:schemaLocation="http://www.loc.gov/MARC21/slim http://www.loc.gov/standards/marcxml/schema/MARC21slim.xsd">
   <leader>00925njm 22002777a 4500</leader>
   <datafield ind2=" " ind1=" " tag="042">
      <subfield code="a">dc</subfield>
   </datafield>
   <datafield ind2=" " ind1=" " tag="720">
      <subfield code="a">Flowers, Sarah-Louise d'Auvergne</subfield>
      <subfield code="e">author</subfield>
   </datafield>
   <datafield ind2=" " ind1=" " tag="720">
      <subfield code="a">Guillén-Solà, Mireia</subfield>
      <subfield code="e">author</subfield>
   </datafield>
   <datafield ind2=" " ind1=" " tag="720">
      <subfield code="a">Sansó, Noemí</subfield>
      <subfield code="e">author</subfield>
   </datafield>
   <datafield ind2=" " ind1=" " tag="720">
      <subfield code="a">Galiana, Laura</subfield>
      <subfield code="e">author</subfield>
   </datafield>
   <datafield ind2=" " ind1=" " tag="260">
      <subfield code="c">2024-01-02</subfield>
   </datafield>
   <datafield ind2=" " ind1=" " tag="520">
      <subfield code="a">There is a universal shortage of nurses, with a current needs-based shortage of 5.9 million. This is not solely a recruitment issue but one of retention, triggered by high levels of work-induced stress, burnout, and reports of low job satisfaction resulting in poor care delivery. Some of the health repercussions on nurses include anxiety, insomnia, depression, migraines, irritability, absenteeism, and sometimes alcoholism and drug abuse. To tackle some of these costly issues, a qualitative exploration into how inner resources is used by nurses to cope with stress at different points of their careers is proposed. Through the lens of grounded theory, semi-structured interviews will be carried out with two distinct sets of participants: (1) Student nurses registered at the University of the Illes Baleares between 2022-2025. (2) Experienced nurses on the Balearic nursing register. Interviews will be coded and then analysed using Atlas.ti. Expected results will inform curriculum improvements that will benefit the well-being of (student) nurses, from the outset of their training, pre-empting potential psycho-social risks before they arise in the workplace. This is vital as it addresses nurses' mental health as well as chronic issues of retention and absenteeism.</subfield>
   </datafield>
   <datafield ind1="8" ind2=" " tag="024">
      <subfield code="a">Flowers S-L d´Auvergne, Guillén-Solà M, Sansó N, Galiana L. Compassionate Care: A Qualitative Exploration of Nurses´ Inner Resources in the Face of Burnout. Nurs reports (Pavia, Italy). 2024 Jan 2;14(1):66-77.</subfield>
   </datafield>
   <datafield ind1="8" ind2=" " tag="024">
      <subfield code="a">https://hdl.handle.net/20.500.13003/20141</subfield>
   </datafield>
   <datafield ind1="8" ind2=" " tag="024">
      <subfield code="a">https://hdl.handle.net/20.500.12105/23825</subfield>
   </datafield>
   <datafield ind1="8" ind2=" " tag="024">
      <subfield code="a">38251184</subfield>
   </datafield>
   <datafield ind1="8" ind2=" " tag="024">
      <subfield code="a">10.3390/nursrep14010006</subfield>
   </datafield>
   <datafield ind1="8" ind2=" " tag="024">
      <subfield code="a">10.3390/nursrep14010006</subfield>
   </datafield>
   <datafield ind1="8" ind2=" " tag="024">
      <subfield code="a">2039-4403</subfield>
   </datafield>
   <datafield ind1="8" ind2=" " tag="024">
      <subfield code="a">Nursing reports (Pavia, Italy)</subfield>
   </datafield>
   <datafield ind2="0" ind1="0" tag="245">
      <subfield code="a">Compassionate Care: A Qualitative Exploration of Nurses' Inner Resources in the Face of Burnout</subfield>
   </datafield>
</record></metadata></record></GetRecord></OAI-PMH>